20 Deutsche Fußballvereine nach Städten auf einer Karte - Statistiken

Allgemein
  • Dieses Quiz wurde 75 mal gespielt
  • Das Durchschnittsergebnis liegt bei 10 aus 20
Antworten auf der Karte
Die Antworten werden auf der Karte rot bzw. grün angezeigt, abhängig davon wie oft sie richtig erraten wurden.
 
Antwortstatistiken
Fußballverein % Korrekt
Hamburger SV
94%
1. FC Union Berlin
92%
Holstein Kiel
85%
FC Augsburg
70%
VfL Wolfsburg
68%
Energie Cottbus
62%
Arminia Bielefeld
59%
Eintracht Braunschweig
58%
FSV Mainz 05
50%
1. FC Kaiserslautern
45%
Borussia Mönchengladbach
45%
1. FC Heidenheim
44%
VfL Bochum
44%
SpVgg Greuther Fürth
42%
SV Darmstadt 98
36%
Bayer Leverkusen
32%
SV Elversberg
26%
TSG Hoffenheim
24%
Bonner SC
17%
KFC Uerdingen 05
0%
Keine übereinstimmenden Quizze gefunden
Verteilung der Resultate
Anzahl Personen mit jedem Resultat
Perzentil nach korrekt beantworteten Fragen
Ihre Resultats-Entwicklung
Sie haben dieses Quiz noch nicht gespielt